00357 a2200109 4500001001000000005001700010008004100027245006200068100002600130700002000156773007100176ART_1176420260410161900.0260409a 10aAmenities and property values in a model of an urban area1 aPolinsky, A. Mitchell1 aShavell, Steven0 tJournal of public economicsg- Vol. 9, NÂș 1 (feb. 1978)wREV11485